000 00780nam a22002057a 4500
003 BT-SaRUSC
005 20250303162843.0
008 250303b |||||||| |||| 00| 0 eng d
020 _a9781032498393
082 _a370.1523
_bKIR
100 _a Kirschner ,Paul Arthur.
245 _aHow Learning Happens :
_bSeminal Works in Educational Psychology and What They Mean in Practice /
_cPaul A. Kirschner & Carl Hendrick
250 _aSecond edition
260 _aUnited Kingdom :
_bRoutledge ,
_c2024.
300 _axviii, 398 pages :
_b ill;
_c25 cm.
700 _aCarl Hendrick (author)
700 _a Oliver Caviglioli (illustrator)
942 _cBK
999 _c19629
_d19629